000 01041nam2a22002411 4500
001 v19\rc\1250721
005 20250617235018.0
035 _a(NLR Aleph) 004406999
090 _a3953442
_c3953442
100 _a20060306d1889 |||y0rusy50 ca
101 0 _arus
102 _aRU
105 _ay z |||||
200 1 _aОбзор походов Густава-Адольфа в Германии (1630-1632 гг.)
210 _d1889
_aБ. м.
461 0 _1001v19\rc\1250720
_12001#$aМеждународная военно-историческая библиотека$eТ. 1-$vТ. 1$90
_93953432
_cСанкт-Петербург
_d1889-1891
_nБерезовский
_oТ. 1-
_tМеждународная военно-историческая библиотека
_vТ. 1$90
702 0 _4570
_7ca
_8rus
_aГустав
_cкороль шведский
_dII Адольф
_f1594-1632
_9234550
_3RU\NLR\AUTH\770234606
801 0 _aRU
_bNLR
_gpsbo
801 1 _aRU
_bProSoft-M
_2rusmarc
852 _aNLR
_j18.320.5.6
942 _cBOOK
980 _aNB